How You Remind Me Lyrics - Nickelback - Statistics

General Stats
  • This quiz has been taken 2,717 times
  • The average score is 17 of 22
Answer Stats
Hint Answer % Correct
And this is how you ___ me Remind
98%
This is how you ___ me Remind
98%
This is how you ___ me Remind
98%
Of what I ___ am Really
96%
Of what I ___ am Really
96%
Never made it as a __ man Wise
92%
It's not like you to say ___ Sorry
91%
Been to the ___ of every bottle Bottom
89%
I couldn't cut it as a poor man ____ Stealing
88%
Tired of living like a ___ man Blind
86%
For handing you a ___ worth breaking Heart
85%
Scream are we having __ yet Fun
83%
Cause living with me must have __ near killed you Damn
70%
This time I'm ____ Mistaken
70%
And it must have been so __ Bad
68%
And I've been ___, I've been down Wrong
68%
I said I love you and I ___ I still do Swear
67%
I was ____ on a different story Waiting
63%
It's not like you didn't know __ That
60%
These __ words in my head Five
57%
Yeah, yeah, yeah, _, _ No No
54%
I'm sick of ___ without a sense of feeling Sight
31%
No matching quizzes found
Score Distribution
Percent of People with Each Score
Percentile by Number Answered
Your Score History
You have not taken this quiz